[Event "Dortmund7"]
[Site "Dortmund"]
[Date "2003.11.19"]
[Round "10"]
[White "Mueller, Siegfried"]
[Black "Reuter, Uwe"]
[Result "0-1"]
[WhiteElo "1412"]
[BlackElo "1439"]
[PlyCount "96"]
[EventDate "2003.10.01"]
[EventType "tourn"]
[EventRounds "13"]
[EventCountry "GER"]
[SourceTitle "EXT 2007"]
[Source "ChessBase"]
[SourceDate "2006.11.23"]
[SourceVersion "1"]
[SourceVersionDate "2006.11.23"]
[SourceQuality "1"]

1. d4 e6 2. c4 Nf6 3. Nf3 b6 4. Nc3 Bb7 5. Bg5 Bb4 6. Qc2 d6 7. Nd2 Nbd7 8. f3 0-0 9. e4 Qc8 10. a3 Bxc3 11. Qxc3 c5 12. d5 exd5 13. cxd5 Re8 14. Kf2 h6 15. Bf4 Ne5 16. Bxe5 Rxe5 17. Nc4 Rxe4 18. Nxd6 Nxd5 19. Qxg7+ Kxg7 20. Nxc8 Re6 21. Bc4 Rxc8 22. Rad1 Rd8 23. Rd2 Red6 24. Rhd1 R6d7 25. a4 Nf6 26. Rxd7 Rxd7 27. Rxd7 Nxd7 28. f4 Bc6 29. b3 Nf6 30. h4 Bd5 31. Bxd5 Nxd5 32. g3 Kg6 33. Kf3 a6 34. Ke4 Nc3+ 35. Kd3 Na2 36. g4 Nb4+ 37. Kc4 Nc2 38. f5+ Kf6 39. Kd3 Nd4 40. b4 Nxf5 41. gxf5 cxb4 42. Kc4 b5+ 43. axb5 axb5+ 44. Kxb4 Kxf5 45. Kxb5 Kg4 46. Kc4 f5 47. Kd3 Kxh4 48. Ke3 Kg3 0-1